|
|
|
|
| LEADER |
00000nam0a2200000 4500 |
| 001 |
363851 |
| 005 |
20231102011629.0 |
| 035 |
|
|
|a (RuTPU)RU\TPU\retro\21198
|
| 035 |
|
|
|a RU\TPU\retro\21196
|
| 090 |
|
|
|a 363851
|
| 100 |
|
|
|a 20211013d1951 k y0rusy50 ca
|
| 101 |
0 |
|
|a rus
|
| 102 |
|
|
|a RU
|
| 105 |
|
|
|a a z 001zy
|
| 200 |
1 |
|
|a [Сборник трудов]
|f Академия наук СССР, Отделение химических наук ; отв. ред. И. П. Алимарин , А. М. Дымов
|
| 210 |
|
|
|a Москва
|c Изд-во АН СССР
|d 1951
|
| 215 |
|
|
|a 374 с.
|c ил.
|
| 225 |
1 |
|
|a Труды Комиссии по аналитической химии
|v Т. 3 (6)
|
| 300 |
|
|
|a Продолжение издания Трудов Всесоюзной конференции по аналитической химии
|
| 320 |
|
|
|a Библиогр. в конце ст.
|
| 520 |
1 |
|
|a Труды Всесоюзной конференции по аналитической химии
|
| 606 |
1 |
|
|a Аналитическая химия
|2 stltpush
|3 (RuTPU)RU\TPU\subj\67454
|9 83247
|
| 610 |
1 |
|
|a периодическая система элементов
|
| 610 |
1 |
|
|a катионы
|
| 610 |
1 |
|
|a редкоземельные элементы
|
| 610 |
1 |
|
|a физико-химический анализ
|
| 610 |
1 |
|
|a электропроводность
|
| 610 |
1 |
|
|a фосфаты
|
| 610 |
1 |
|
|a растворимость
|
| 610 |
1 |
|
|a реакции осаждения
|
| 610 |
1 |
|
|a гетерогенные химические реакции
|
| 610 |
1 |
|
|a титрование
|
| 610 |
1 |
|
|a микрохимические реакции
|
| 610 |
1 |
|
|a качественный анализ
|
| 675 |
|
|
|a 543
|v 4
|
| 702 |
|
1 |
|a Алимарин
|b И. П.
|4 340
|
| 702 |
|
1 |
|a Дымов
|b А. М.
|4 340
|
| 712 |
0 |
2 |
|a Академия наук СССР
|b Отделение химических наук
|c (Ленинград/Москва)
|c (1925-1991)
|2 stltpush
|3 (RuTPU)RU\TPU\col\722
|
| 801 |
|
1 |
|a RU
|b 63413507
|c 20211013
|
| 801 |
|
2 |
|a RU
|b 63413507
|c 20211013
|g RCR
|
| 942 |
|
|
|c BK
|